South America by Capital Quiz Stats

 Plays Quiz Updated Nov 17, 2017

Score 0/12 Timer 03:00
32 Plays Today
Capital Country % Correct
BrasíliaBrazil
97.3%
LimaPeru
96.9%
Buenos AiresArgentina
96.7%
SantiagoChile
93.7%
BogotáColombia
90%
CaracasVenezuela
87.3%
MontevideoUruguay
85.4%
La PazBolivia
84%
QuitoEcuador
83.5%
AsunciónParaguay
83.2%
GeorgetownGuyana
72.9%
ParamariboSuriname
69.1%

You're not logged in!

Compare scores with friends on all Sporcle quizzes.
OR
Log In

You Might Also Like...

Show Comments

Extras

Top Quizzes Today


Score Distribution

Your Account Isn't Verified!

In order to create a playlist on Sporcle, you need to verify the email address you used during registration. Go to your Sporcle Settings to finish the process.

Report this User

Report this user for behavior that violates our Community Guidelines.

Details: